| 000 | 00372nam a2200121Ia 4500 | ||
|---|---|---|---|
| 008 | 231129s9999||||xx |||||||||||||| ||spa|| | ||
| 020 | _a970-651-850-9 | ||
| 082 | _a128.5 K95m | ||
| 100 | _aubler-Ross Elisabeth | ||
| 245 | 0 | _aLa muerte: un amanecer | |
| 264 | _aBarcelona EspaƱa : Ediciones LuciƩrnaga : Oceano | ||
| 942 |
_2ddc _cBKS |
||
| 999 |
_c17678 _d17678 |
||